| 000 | 00597cam a22002054a 4500 | ||
|---|---|---|---|
| 005 | 20250605164020.0 | ||
| 008 | 250528s ||||||||||||||||||||||||d | ||
| 035 | _a16315 | ||
| 020 | _a158423024 | ||
| 040 |
_aGR-AtMCL _bgre _dGR-AtMCL _eAACR2 |
||
| 245 | 1 | _aCool Type 2wo | |
| 260 |
_bGingko Press, _c1999 |
||
| 300 | _a162 | ||
| 520 | _aThe Attik, Automatic Art and Design, Firehouse 101 Art and Design, Imaginary Forces, Me Company, MetaDesign, Studio, Index. | ||
| 700 | 1 |
_aDrate Spencer _92393 |
|
| 700 | 1 |
_aSalaventz Jutka _92394 |
|
| 942 | _cBK | ||
| 999 |
_c1827 _d1827 |
||